El esclavo (Record no. 170909)
[ view plain ]
| 000 -LEADER | |
|---|---|
| campo de control de longitud fija | 01030nam a2200229 i 4500 |
| 001 - NÚMERO DE CONTROL | |
| campo de control | 170909 |
| 003 - IDENTIFICADOR DE NÚMERO DE CONTROL | |
| campo de control | ES-MaACL |
| 005 - FECHA Y HORA DE LA ÚLTIMA TRANSACCIÓN | |
| campo de control | 20250927133104.0 |
| 008 - DATOS DE LONGITUD FIJA--INFORMACIÓN GENERAL | |
| campo de control de longitud fija | 090416s1856 sp |||| | spa d |
| 100 0# - ENTRADA PRINCIPAL--NOMBRE DE PERSONA | |
| Nombre de persona | Eguilaz, Luis de. |
| 9 (RLIN) | 46758 |
| 245 13 - MENCIÓN DEL TÍTULO | |
| Título | El esclavo |
| Resto del título | : zarzuela en tres actos, arreglada a la escena española / |
| Mención de responsabilidad, etc. | por Luis de Eguilaz ; música de Martín Sánchez Allu y Luis Cepeda. |
| 260 ## - PUBLICACIÓN, DISTRIBUCIÓN, ETC. | |
| Lugar de publicación, distribución, etc. | Madrid : |
| Nombre del editor, distribuidor, etc. | [s.n.], |
| Fecha de publicación, distribución, etc. | 1856 ( |
| Fabricante | Impr. de José Rodríguez) |
| 300 ## - DESCRIPCIÓN FÍSICA | |
| Extensión | 72 p. ; |
| Dimensiones | 18 cm. |
| 490 1# - MENCIÓN DE SERIE | |
| Mención de serie | La escena española |
| 500 ## - NOTA GENERAL | |
| Nota general | En port.: Representada por primera vez con aplauso en el teatro de la Zarzuela el 24 de diciembre de 1856. |
| 500 ## - NOTA GENERAL | |
| Nota general | Solo la letra. |
| 700 1# - ENTRADA AGREGADA--NOMBRE PERSONAL | |
| Nombre de persona | Sánchez Allú, Martín, |
| Fechas asociadas al nombre | 1828-1858 |
| 9 (RLIN) | 133004 |
| 700 1# - ENTRADA AGREGADA--NOMBRE PERSONAL | |
| Nombre de persona | Cepeda, Luis. |
| 9 (RLIN) | 126414 |
| 830 0# - PUNTO DE ACCESO ADICIONAL DE SERIE-TÍTULO UNIFORME | |
| Título uniforme | La escena española |
| 9 (RLIN) | 188984 |
| 852 ## - LOCALIZACIÓN | |
| Ubicación | ES-MaACL |
| Número de control de estantería | F-8569(4) |
| Nota libre | .- Enc. pasta española |
| condición física | .- Falto de la cub. original |
| Nota libre | .- Enc. en vol. facticio formando parte de la col. "Teatro español moderno", vol. 22 |
| Estatus retirado | Estado de pérdida | Estado de daño | No para préstamo | Colección | Biblioteca de origen | Biblioteca actual | Ubicación en estantería | Fecha de adquisición | Fuente de adquisición | Total de préstamos | Signatura topográfica completa | Código de barras | Visto por última vez | Precio de reemplazo | Tipo de ítem Koha |
|---|---|---|---|---|---|---|---|---|---|---|---|---|---|---|---|
| Libros del s. XIX | Biblioteca del Ateneo de Madrid | Biblioteca del Ateneo de Madrid | Sala Pecera Planta 2 | 16/04/2009 | F-8569(4) | 1179367 | 23/02/2023 | 23/02/2023 | Libro impreso antiguo |
